书目信息 |
| 题名: |
教育的尺度
|
|
| 作者: | 肖远骑 著 | |
| 分册: | ||
| 出版信息: | 南昌 江西教育出版社 2020.1 |
|
| 页数: | 17,268页 | |
| 开本: | 23cm | |
| 丛书名: | ||
| 单 册: | ||
| 中图分类: | G632.0-53 | |
| 科图分类: | ||
| 主题词: | 中学教育--教育研究--文集 | |
| 电子资源: | ||
| ISBN: | 978-7-5705-1950-7 | |
| 000 | 00823nam0 2200229 450 | |
| 001 | 012001001034 | |
| 005 | 20140201103452.0 | |
| 010 | @a978-7-5705-1950-7@dCNY48.00 | |
| 100 | @a20220905d2020 em y0chiy50 ea | |
| 101 | 0 | @achi |
| 102 | @aCN@b360000 | |
| 105 | @aa z 000yy | |
| 106 | @ar | |
| 200 | 1 | @a教育的尺度@f肖远骑著@Ajiao yu de chi du |
| 210 | @a南昌@c江西教育出版社@d2020.1 | |
| 215 | @a17,268页@c图,照片@d23cm | |
| 330 | @a本书共分七部分,内容包括:爱要有温度,更要有尺度;提升能力,让孩子高效学习;学会做人,塑造孩子良好品性;好的家庭环境才有好孩子;中外教育如何取长补短;我们该给孩子什么样的教育;漫谈语文教学。 | |
| 606 | 0 | @a中学教育@x教育研究@j文集 |
| 690 | @aG632.0-53@v5 | |
| 701 | 0 | @a肖远骑@f(1956~)@4著@Axiao yuan qi |
| 801 | 0 | @aCN@bAHXH@c20221111 |
| 905 | @b1365555-9@dG632.0-53@e1412@f5 | |
| 教育的尺度/肖远骑著.-南昌:江西教育出版社,2020.1 |
| 17,268页:图,照片;23cm |
| ISBN 978-7-5705-1950-7:CNY48.00 |
| 本书共分七部分,内容包括:爱要有温度,更要有尺度;提升能力,让孩子高效学习;学会做人,塑造孩子良好品性;好的家庭环境才有好孩子;中外教育如何取长补短;我们该给孩子什么样的教育;漫谈语文教学。 |
| ● |
| 相关链接 |
|
|
|
|
正题名:教育的尺度
索取号:G632.0-53/1412
 
预约/预借
| 序号 | 登录号 | 条形码 | 馆藏地/架位号 | 状态 | 备注 |
| 1 | 1365555 | 213655551 | 第一样本阅览室/ [索取号:G632.0-53/1412] | 在馆 | |
| 2 | 1365556 | 213655560 | 教育系资料室/ [索取号:G632.0-53/1412] | 在馆 | |
| 3 | 1365557 | 213655579 | 教育系资料室/ [索取号:G632.0-53/1412] | 在馆 | |
| 4 | 1365558 | 213655588 | 第四借阅区/ [索取号:G632.0-53/1412] | 在馆 | |
| 5 | 1365559 | 213655597 | 第四借阅区/ [索取号:G632.0-53/1412] | 在馆 |